Sports Quiz

Random Sports or Hockey Quiz

Real-Life NHL Teams Quiz Stats

 Plays Quiz not verified by Sporcle

Score 0/29 Timer 06:00
3 Plays Today
% Correct
Pittsburgh
Penguins
91%
Anaheim
Ducks
90.9%
San Jose
Sharks
89.1%
Edmonton
Oilers
89%
New Jersey
Devils
88.9%
Winnipeg
Jets
88.4%
Los Angeles
Kings
88.2%
Detroit
Red Wings
88.1%
Calgary
Flames
88%
New York
Rangers
87.9%
Colorado
Avalanche
87.8%
Dallas
Stars
87.6%
Tampa Bay
Lightning
87.2%
Boston
Bruins
85.8%
Toronto
Maple Leafs
85.7%
% Correct
Chicago
Blackhawks
85.6%
Arizona
Coyotes
85.1%
Nashville
Predators
85%
Columbus
Blue Jackets
84.5%
Washington
Capitals
84.4%
New York
Islanders
83.7%
Carolina
Hurricanes
82.9%
Ottawa
Senators
82.2%
Florida
Panthers
81.9%
St. Louis
Blues
80.7%
Buffalo
Sabres
80.5%
Montreal Canadiens
Vancouver Canucks
79%
Philadelphia
Flyers
70.1%
Minnesota
Wild
69.5%

You're not logged in!

Compare scores with friends on all Sporcle quizzes.
OR
Log In

Show Comments

Extras

Top Quizzes Today


Score Distribution

Your Account Isn't Verified!

In order to create a playlist on Sporcle, you need to verify the email address you used during registration. Go to your Sporcle Settings to finish the process.

Report this User

Report this user for behavior that violates our Community Guidelines.

Details: